Space standards for homes (Record no. 115649)
[ view plain ]
| 000 -LEADER | |
|---|---|
| fixed length control field | 01166cab a22002415a 4500 |
| 001 - CONTROL NUMBER | |
| control field | L159052 |
| 008 - FIXED-LENGTH DATA ELEMENTS--GENERAL INFORMATION | |
| fixed length control field | 130731e2015 xxk 000 0 eng d |
| 035 ## - SYSTEM CONTROL NUMBER | |
| System control number | (Sirsi) u159052 |
| 041 0# - LANGUAGE CODE | |
| Language code of text/sound track or separate title | eng |
| 110 1# - MAIN ENTRY--CORPORATE NAME | |
| Corporate name or jurisdiction name as entry element | RIBA |
| 245 00 - TITLE STATEMENT | |
| Title | Space standards for homes |
| Medium | [electronic resource] |
| 260 ## - PUBLICATION, DISTRIBUTION, ETC. | |
| Name of publisher, distributor, etc. | RIBA |
| Date of publication, distribution, etc. | 2015 |
| 300 ## - PHYSICAL DESCRIPTION | |
| Extent | PDF 20p. |
| 520 ## - SUMMARY, ETC. | |
| Summary, etc. | Looks into how big (or small) new homes are, following a release of a new housing standard called the 'Nationally Described Space Standard' by government in October 2015 which aimed to improve the quality of new-build housing by ensuring they are built to an adequate size. This report shows that the standard will not solve the problem of inadequate housing because it is voluntary and too complicated for local authorities to introduce. |
| 590 ## - LOCAL NOTE (RLIN) | |
| Local note | KA |
| 650 24 - SUBJECT ADDED ENTRY--TOPICAL TERM | |
| Topical term or geographic name entry element | HOUSING STANDARDS |
| 650 24 - SUBJECT ADDED ENTRY--TOPICAL TERM | |
| Topical term or geographic name entry element | SPACE |
| 650 24 - SUBJECT ADDED ENTRY--TOPICAL TERM | |
| Topical term or geographic name entry element | LOCAL AUTHORITY BUILDING CONTROL |
| 651 #4 - SUBJECT ADDED ENTRY--GEOGRAPHIC NAME | |
| Geographic name | United Kingdom |
| Chronological subdivision | |
| 690 ## - LOCAL SUBJECT ADDED ENTRY--TOPICAL TERM (OCLC, RLIN) | |
| Topical term or geographic name as entry element | Planning and development |
| 9 (RLIN) | 6259 |
| 856 40 - ELECTRONIC LOCATION AND ACCESS | |
| Uniform Resource Identifier | <a href="https://www.architecture.com/RIBA/Campaigns%20and%20issues/Assets/Files/HomewiseReport2015.pdf">https://www.architecture.com/RIBA/Campaigns%20and%20issues/Assets/Files/HomewiseReport2015.pdf</a> |
| Public note | View the item free of charge at the www.architecture.com |
| 942 ## - ADDED ENTRY ELEMENTS (KOHA) | |
| Suppress in OPAC | 0 |
| Withdrawn status | Lost status | Source of classification or shelving scheme | Damaged status | Not for loan | Home library | Current library | Shelving location | Date acquired | Total Checkouts | Full call number | Barcode | Date last seen | Copy number | Price effective from | Koha item type |
|---|---|---|---|---|---|---|---|---|---|---|---|---|---|---|---|
| Dewey Decimal Classification | Virtual | Virtual | Online | 21/12/2015 | ONLINE PUBLICATION | 159052-2001 | 06/08/2019 | 1 | 06/08/2019 | Book |